Loading...
| Beliefs | 11 | 16.36 | 100% | 55% | 9% |
| Current Events | 3 | 26.67 | 100% | 67% | 100% |
| Fine Arts - Auditory Fine Arts | 5 | 18.00 | 100% | 40% | 40% |
| Fine Arts - Other Arts | 1 | 20.00 | 100% | 100% | 0% |
| Fine Arts - Visual Fine Arts | 5 | 14.00 | 100% | 20% | 20% |
| Geography | 1 | 0.00 | 0% | 0% | 0% |
| History - American History | 5 | 16.00 | 100% | 60% | 0% |
| History - European History | 4 | 20.00 | 100% | 75% | 25% |
| History - World History | 4 | 22.50 | 100% | 75% | 50% |
| Literature - American Literature | 6 | 15.00 | 83% | 67% | 0% |
| Literature - British Literature | 6 | 11.67 | 83% | 33% | 0% |
| Literature - European Literature | 3 | 20.00 | 100% | 67% | 33% |
| Other Academic | 1 | 10.00 | 100% | 0% | 0% |
| Other Arts: Auditory | 2 | 15.00 | 100% | 50% | 0% |
| Other Science: Astronomy | 1 | 10.00 | 100% | 0% | 0% |
| Other Science: Computer Science | 1 | 0.00 | 0% | 0% | 0% |
| Other Science: Earth Science | 2 | 10.00 | 100% | 0% | 0% |
| Other Science: Math | 3 | 6.67 | 67% | 0% | 0% |
| Philosophy | 6 | 18.33 | 100% | 67% | 17% |
| Science - Biology | 5 | 12.00 | 80% | 40% | 0% |
| Science - Chemistry | 5 | 16.00 | 100% | 40% | 20% |
| Science - Physics | 5 | 8.00 | 80% | 0% | 0% |
| Social Science | 5 | 8.00 | 60% | 20% | 0% |
| 8 | 16.25 | 100% | 50% | 13% |